| 000 | 00000nam 2200000zi 4500 |
| 001 | 9.867757 |
| 003 | CaOODSP |
| 005 | 20241203113645 |
| 006 | m o d f |
| 007 | cr nn||||||||| |
| 008 | 190130s1987 onc ob f000 0 eng d |
| 040 | |aCaOODSP|beng|erda|cCaOODSP |
| 041 | |aeng|bfre |
| 043 | |an-cn-on|an-cn-qu|an-us-ny|anl----- |
| 086 | 1 |aEn13-5/87-27E-PDF |
| 100 | 1 |aMaguire, R. J. |q(R. James)|eauthor. |
| 245 | 10|aConcentration of tributyltin in the surface microlayer of natural waters / |cR. James Maguire and Richard J. Tkacz. |
| 264 | 1|aBurlington, Ontario : |bEnvironmental Contaminants Division, National Water Research Institute, Canada Centre for Inland Waters, |c[1987] |
| 300 | |a1 online resource (19 pages, 16 unnumbered pages). |
| 336 | |atext|btxt|2rdacontent |
| 337 | |acomputer|bc|2rdamedia |
| 338 | |aonline resource|bcr|2rdacarrier |
| 490 | 1 |aNWRI contribution ; |vno. 87-27 |
| 500 | |aCover title. |
| 500 | |a"Division control no. 151B." |
| 500 | |a"This manuscript has been submitted to Water Pollut. Res. J. and the contents are subject to change. This copy is to provide information prior to publication." |
| 500 | |aDigitized edition from print [produced by Environment and Climate Change Canada]. |
| 504 | |aIncludes bibliographical references. |
| 546 | |aIncludes executive summary, management perspective and abstract in French. |
| 693 | 4|aTributyltin |
| 693 | 4|aWater--Pollution |
| 700 | 1 |aTkacz, Richard J., |eauthor. |
| 710 | 1 |aCanada. |bEnvironment Canada. |
| 710 | 2 |aNational Water Research Institute (Canada) |
| 830 | #0|aNWRI contribution ;|vno. 87-27.|w(CaOODSP)9.844121 |
| 856 | 40|qPDF|s2.48 MB|uhttps://publications.gc.ca/collections/collection_2019/eccc/En13-5-87-27-eng.pdf |